| 000 | 00647nam a2200181 u 4500 | ||
|---|---|---|---|
| 001 | 000633453 | ||
| 003 | AM-YeHGA | ||
| 005 | 20250617140529.0 | ||
| 008 | 090218s1928 ||| r 000 0 rus d | ||
| 040 | _aAM-YeHGA | ||
| 041 | 0 | _arus | |
| 100 | 1 | _aЦиолковский, Константин Эдуардович | |
| 245 | 1 | 0 |
_aОбщественная организация человечества : _b(Вычисления и таблицы) / _cК. Циолковский. |
| 260 |
_aКалуга : _bБ.и., _c1928. |
||
| 300 | _a32 с. | ||
| 653 | 0 | _aУстройство общества - Исследования | |
| 090 | _c223216 | ||
| 999 |
_c221683 _d221683 |
||